[Event "Tradewise Gibraltar Masters 16th"]
[Site "Gibraltar"]
[Date "2018.01.23"]
[Round "1.1"]
[White "Gara, Anita"]
[Black "Aronian, Levon"]
[Result "1/2-1/2"]
[WhiteElo "2350"]
[BlackElo "2797"]
[PlyCount "84"]
[EventDate "2018.01.23"]
[EventType "swiss"]
[EventRounds "10"]
[EventCountry "GGB"]
[SourceTitle "BritBase"]
[Source "www.saund.co.uk"]
[SourceDate "2018.02.10"]
[SourceVersion "1"]
[SourceVersionDate "2018.02.10"]
[SourceQuality "1"]

1. e4 g6 2. d4 Bg7 3. Nf3 d6 4. Be2 Nf6 5. Nc3 O-O 6. O-O a6 7. Bg5 h6 8. Bf4
Nc6 9. h3 e6 10. Qc1 Kh7 11. e5 dxe5 12. dxe5 Nd7 13. Rd1 Qe7 14. Qe3 Qc5 15.
Qe4 Qb4 16. Qxb4 Nxb4 17. Rd2 Nc6 18. Re1 Ndxe5 19. Nxe5 Nxe5 20. Bf1 Nc6 21.
Bxc7 b5 22. Ne4 f5 23. Nd6 e5 24. c4 e4 25. cxb5 axb5 26. Bxb5 Ne5 27. Nxc8
Rfxc8 28. Bxe5 Bxe5 29. a4 h5 30. g3 Rc5 31. Kg2 Rac8 32. b3 Kh6 33. Ree2 h4
34. Bc4 hxg3 35. fxg3 R8c7 36. Rd8 Bc3 37. Rc2 Ba5 38. Rd6 Re7 39. Re2 Bc7 40.
Rd1 g5 41. Rd5 Rxd5 42. Bxd5 Re5 1/2-1/2

[Event "Tradewise Gibraltar Masters 16th"]
[Site "Gibraltar"]
[Date "2018.01.23"]
[Round "1.2"]
[White "Vachier-Lagrave, Maxime"]
[Black "Blohberger, Felix"]
[Result "1-0"]
[WhiteElo "2793"]
[BlackElo "2367"]
[PlyCount "91"]
[EventDate "2018.01.23"]
[EventType "swiss"]
[EventRounds "10"]
[EventCountry "GGB"]
[SourceTitle "BritBase"]
[Source "www.saund.co.uk"]
[SourceDate "2018.02.10"]
[SourceVersion "1"]
[SourceVersionDate "2018.02.10"]
[SourceQuality "1"]

1. e4 e6 2. d4 d5 3. Nc3 Nf6 4. e5 Nfd7 5. f4 c5 6. Nf3 Nc6 7. Be3 a6 8. Ne2
Qb6 9. Qc1 g5 10. fxg5 cxd4 11. Nexd4 Ncxe5 12. Nxe5 Nxe5 13. c3 Ng4 14. Be2
Nxe3 15. Qxe3 Bg7 16. O-O e5 17. Nf5 Qxe3+ 18. Nxe3 Be6 19. c4 d4 20. Nf5 Bf8
21. Bd3 h6 22. g6 fxg6 23. Nh4 g5 24. Ng6 Bg7 25. Nxh8 Bxh8 26. b3 Rd8 27. Be4
b6 28. Kf2 Ke7 29. Ke2 Kd6 30. Kd3 Bg7 31. Rac1 Rb8 32. Rc2 a5 33. Rfc1 Kc7 34.
Rf1 Kd6 35. a3 b5 36. c5+ Kc7 37. b4 a4 38. Rcf2 Bc4+ 39. Kd2 Rd8 40. Rc1 Rd7
41. Rxc4 bxc4 42. b5 d3 43. b6+ Kd8 44. c6 c3+ 45. Kxc3 d2 46. Rxd2 1-0

[Event "Tradewise Gibraltar Masters 16th"]
[Site "Gibraltar"]
[Date "2018.01.23"]
[Round "1.4"]
[White "Navara, David"]
[Black "Paehtz, Thomas"]
[Result "1-0"]
[WhiteElo "2749"]
[BlackElo "2356"]
[PlyCount "47"]
[EventDate "2018.01.23"]
[EventType "swiss"]
[EventRounds "10"]
[EventCountry "GGB"]
[SourceTitle "BritBase"]
[Source "www.saund.co.uk"]
[SourceDate "2018.02.10"]
[SourceVersion "1"]
[SourceVersionDate "2018.02.10"]
[SourceQuality "1"]

1. d4 Nf6 2. c4 g6 3. Nc3 Bg7 4. e4 d6 5. Nf3 O-O 6. h3 Na6 7. Bg5 c5 8. d5 e6
9. Bd3 Nb4 10. Be2 h6 11. Be3 exd5 12. cxd5 Re8 13. Nd2 Bd7 14. O-O Rb8 15. Bf4
Qe7 16. Re1 b5 17. a3 Na6 18. a4 Nc7 19. axb5 Nxb5 20. Bxb5 Bxb5 21. Nxb5 Rxb5
22. Nc4 Rb4 23. Qd3 Rd8 24. Bd2 1-0

[Event "Tradewise Gibraltar Masters 16th"]
[Site "Gibraltar"]
[Date "2018.01.23"]
[Round "1.5"]
[White "Hemant, Sharma (Del)"]
[Black "Harikrishna, Pentala"]
[Result "1/2-1/2"]
[WhiteElo "2348"]
[BlackElo "2745"]
[PlyCount "176"]
[EventDate "2018.01.23"]
[EventType "swiss"]
[EventRounds "10"]
[EventCountry "GGB"]
[SourceTitle "BritBase"]
[Source "www.saund.co.uk"]
[SourceDate "2018.02.10"]
[SourceVersion "1"]
[SourceVersionDate "2018.02.10"]
[SourceQuality "1"]

1. c4 e5 2. g3 Nf6 3. Bg2 h6 4. a3 c6 5. Nf3 e4 6. Nd4 d5 7. cxd5 Qxd5 8. Nc2
Qb3 9. Nc3 Bf5 10. O-O Bc5 11. d4 exd3 12. exd3 O-O 13. Ne3 Qxd1 14. Rxd1 Bxe3
15. Bxe3 Rd8 16. b4 Bg4 17. Rd2 Nbd7 18. h3 Be6 19. b5 Ne5 20. bxc6 Nxc6 21.
Bxc6 bxc6 22. Kh2 Nd7 23. f4 a5 24. g4 a4 25. Kg3 Bb3 26. Rc1 Re8 27. Kf2 Nf6
28. Bd4 Nd5 29. Nxd5 Bxd5 30. Rb2 Rad8 31. Rb4 Rd7 32. Re1 Ra8 33. Bc5 h5 34.
d4 hxg4 35. hxg4 f6 36. Re7 Rxe7 37. Bxe7 Kf7 38. Bc5 Kg6 39. Rb7 f5 40. gxf5+
Kxf5 41. Rxg7 Kxf4 42. Re7 Rg8 43. Bd6+ Kf5 44. Re5+ Kf6 45. Be7+ Kf7 46. Bc5
Rg2+ 47. Ke1 Kf6 48. Be7+ Kg6 49. Bc5 Bf3 50. Kf1 Rc2 51. Ke1 Bg4 52. Bb4 Rb2
53. Bc5 Bf5 54. Re2 Rb3 55. Rg2+ Kf6 56. Rg8 Rb2 57. Ra8 Bg4 58. Rxa4 Kf5 59.
Rb4 Re2+ 60. Kd1 Ra2+ 61. Kc1 Rxa3 62. Rb6 Ra2 63. Rxc6 Ke4 64. Rb6 Rg2 65. Rb2
Rg3 66. Rd2 Kd5 67. Kb2 Bf5 68. Rd1 Be4 69. Rc1 Rf3 70. Rc3 Rf2+ 71. Ka3 Rf1
72. Ka2 Bf3 73. Kb2 Be4 74. Ka2 Rb1 75. Ka3 Rd1 76. Kb2 Rd2+ 77. Ka3 Bf5 78.
Bb4 Rf2 79. Bc5 Re2 80. Kb3 Re1 81. Kb2 Rb1+ 82. Ka2 Rd1 83. Kb2 Be4 84. Rc1
Rd2+ 85. Kc3 Rg2 86. Kb4 Bd3 87. Ba7 Rb2+ 88. Kc3 Rb1 1/2-1/2

[Event "Tradewise Gibraltar Masters 16th"]
[Site "Gibraltar"]
[Date "2018.01.23"]
[Round "1.6"]
[White "Le, Quang Liem"]
[Black "Prithu, Gupta"]
[Result "1/2-1/2"]
[WhiteElo "2737"]
[BlackElo "2373"]
[PlyCount "101"]
[EventDate "2018.01.23"]
[EventType "swiss"]
[EventRounds "10"]
[EventCountry "GGB"]
[SourceTitle "BritBase"]
[Source "www.saund.co.uk"]
[SourceDate "2018.02.10"]
[SourceVersion "1"]
[SourceVersionDate "2018.02.10"]
[SourceQuality "1"]

1. e4 e5 2. Nf3 Nc6 3. Bc4 Nf6 4. d3 Bc5 5. O-O d6 6. c3 O-O 7. h3 a6 8. a4 Ba7
9. Na3 Ne7 10. Bg5 Ng6 11. Nh4 Kh8 12. Nxg6+ fxg6 13. Nc2 h6 14. Be3 Nh5 15. d4
Nf4 16. Kh2 exd4 17. Nxd4 d5 18. exd5 Nxd5 19. Bxd5 Qxd5 20. Nf3 Qh5 21. Bxa7
Bxh3 22. Rh1 Bg4+ 23. Kg3 Bxf3 24. Rxh5 Bxd1 25. Re5 Bxa4 26. Rxa4 Rxa7 27. Re7
b5 28. Rd4 c5 29. Rxa7 cxd4 30. Rxa6 dxc3 31. bxc3 Rc8 32. Ra3 g5 33. f3 Kh7
34. Ra5 Rb8 35. Ra3 Kg6 36. Rb3 Rc8 37. Rxb5 Rxc3 38. Rb6+ Kf5 39. Rb5+ Kg6 40.
Rb6+ Kh7 41. Ra6 Rc4 42. Rb6 h5 43. Ra6 g6 44. Ra5 Kh6 45. Rb5 h4+ 46. Kh3 Rc1
47. Kh2 Rc2 48. Kh3 Re2 49. g3 Rf2 50. gxh4 Rxf3+ 51. Kg2 1/2-1/2

[Event "Tradewise Gibraltar Masters 16th"]
[Site "Gibraltar"]
[Date "2018.01.23"]
[Round "1.7"]
[White "Devereaux, Maxim L"]
[Black "Vitiugov, Nikita"]
[Result "0-1"]
[WhiteElo "2370"]
[BlackElo "2732"]
[PlyCount "126"]
[EventDate "2018.01.23"]
[EventType "swiss"]
[EventRounds "10"]
[EventCountry "GGB"]
[SourceTitle "BritBase"]
[Source "www.saund.co.uk"]
[SourceDate "2018.02.10"]
[SourceVersion "1"]
[SourceVersionDate "2018.02.10"]
[SourceQuality "1"]

1. e4 c5 2. Nf3 e6 3. d4 cxd4 4. Nxd4 Nc6 5. Nc3 Qc7 6. Be3 a6 7. Qf3 Nf6 8.
Nxc6 bxc6 9. Bd3 Rb8 10. O-O Bd6 11. Qh3 Rxb2 12. Na4 Rb4 13. Nc5 Qa5 14. Nb3
Qh5 15. Qxh5 Nxh5 16. f4 e5 17. fxe5 Bxe5 18. Rab1 Nf6 19. Bc5 Ra4 20. Nd2 d6
21. Ba7 O-O 22. Nc4 Be6 23. Nxe5 dxe5 24. Bc5 Rc8 25. Rb4 Rxa2 26. Bd6 c5 27.
Rb7 c4 28. Be2 Rxc2 29. Bd1 Rc1 30. Bxe5 Nxe4 31. Bf4 Ra1 32. Bc2 Rxf1+ 33.
Kxf1 Nc5 34. Ra7 h6 35. Be3 Nd3 36. Ke2 Nb4 37. Ba4 c3 38. Rb7 a5 39. Bc1 c2
40. Bd7 Bxd7 41. Rxd7 Na2 42. Kd2 Nxc1 43. Kxc1 Rc5 44. Ra7 f5 45. h4 Kh7 46.
h5 f4 47. Rf7 Rxh5 48. Rxf4 Rc5 49. Re4 Kg6 50. Rd4 Kf5 51. Rh4 Kg5 52. Rd4 h5
53. Re4 h4 54. Rd4 Kh5 55. Re4 g5 56. Rd4 Rc3 57. Re4 Rc5 58. Rd4 g4 59. Rd8
Kg5 60. Rf8 Rf5 61. Rg8+ Kf4 62. Kxc2 Kg3 63. Kb3 Rf2 0-1

[Event "Tradewise Gibraltar Masters 16th"]
[Site "Gibraltar"]
[Date "2018.01.23"]
[Round "1.9"]
[White "Lazarne Vajda, Szidonia"]
[Black "Duda, Jan-Krzysztof"]
[Result "0-1"]
[WhiteElo "2362"]
[BlackElo "2724"]
[PlyCount "108"]
[EventDate "2018.01.23"]
[EventType "swiss"]
[EventRounds "10"]
[EventCountry "GGB"]
[SourceTitle "BritBase"]
[Source "www.saund.co.uk"]
[SourceDate "2018.02.10"]
[SourceVersion "1"]
[SourceVersionDate "2018.02.10"]
[SourceQuality "1"]

1. d4 Nf6 2. Nf3 g6 3. g3 b6 4. Bg2 Bb7 5. c4 Bg7 6. O-O O-O 7. Nc3 Ne4 8. Nxe4
Bxe4 9. Be3 c5 10. Qd2 d6 11. Bh6 Nd7 12. Bxg7 Kxg7 13. Qe3 Nf6 14. Rfd1 Rb8
15. Rac1 Qc7 16. Nh4 Bxg2 17. Kxg2 Rfc8 18. b3 a6 19. h3 Qb7+ 20. Nf3 Rc7 21.
d5 b5 22. Qd3 Re8 23. e4 e6 24. Re1 Rce7 25. Qc3 exd5 26. exd5 h6 27. Rxe7 Rxe7
28. Re1 Rxe1 29. Nxe1 Qe7 30. Nf3 Qe4 31. a3 g5 32. Kf1 Kg6 33. h4 b4 34. axb4
cxb4 35. Qe3 Qxe3 36. fxe3 g4 37. Nd4 Ne4 38. Nc6 Nd2+ 39. Ke2 Nxb3 40. Nxb4 a5
41. Na2 a4 42. Nc3 a3 43. Kd3 Kf5 44. Kc2 Na5 45. Kd3 Ke5 46. Na2 f5 47. Nc3 h5
48. Na2 Nxc4 49. Kxc4 Ke4 50. Kb3 Kxe3 51. Nb4 f4 52. Nc2+ Kf2 53. gxf4 g3 54.
f5 g2 0-1

[Event "Tradewise Gibraltar Masters 16th"]
[Site "Gibraltar"]
[Date "2018.01.23"]
[Round "1.10"]
[White "Wang, Hao"]
[Black "Perez Garcia, Alejandro"]
[Result "1-0"]
[WhiteElo "2711"]
[BlackElo "2357"]
[PlyCount "61"]
[EventDate "2018.01.23"]
[EventType "swiss"]
[EventRounds "10"]
[EventCountry "GGB"]
[SourceTitle "BritBase"]
[Source "www.saund.co.uk"]
[SourceDate "2018.02.10"]
[SourceVersion "1"]
[SourceVersionDate "2018.02.10"]
[SourceQuality "1"]

1. e4 c6 2. d4 d5 3. e5 Bf5 4. h4 h5 5. Bd3 Bxd3 6. Qxd3 e6 7. Bg5 Qb6 8. Nd2
Qa6 9. c4 Bb4 10. b3 Nd7 11. Ngf3 Ne7 12. O-O Nf5 13. Rfc1 O-O 14. a3 Bxd2 15.
Qxd2 Rac8 16. Rc3 b6 17. cxd5 cxd5 18. Rac1 b5 19. Rc7 Nb6 20. Qb4 Rxc7 21.
Rxc7 Rc8 22. Qc5 Rxc7 23. Qxc7 Qxa3 24. Bd2 f6 25. Qb8+ Kf7 26. Kh2 Qa2 27.
exf6 gxf6 28. Bb4 Qxf2 29. Qf8+ Kg6 30. Qg8+ Ng7 31. Bf8 1-0

[Event "Tradewise Gibraltar Masters 16th"]
[Site "Gibraltar"]
[Date "2018.01.23"]
[Round "1.12"]
[White "Rapport, Richard"]
[Black "Gandrud, Vegar Koi"]
[Result "1-0"]
[WhiteElo "2700"]
[BlackElo "2346"]
[PlyCount "147"]
[EventDate "2018.01.23"]
[EventType "swiss"]
[EventRounds "10"]
[EventCountry "GGB"]
[SourceTitle "BritBase"]
[Source "www.saund.co.uk"]
[SourceDate "2018.02.10"]
[SourceVersion "1"]
[SourceVersionDate "2018.02.10"]
[SourceQuality "1"]

1. Nf3 c5 2. c4 Nc6 3. d4 cxd4 4. Nxd4 g6 5. e4 Bg7 6. Be3 d6 7. Nc3 Nf6 8. Be2
O-O 9. O-O Bd7 10. Qd2 Nxd4 11. Bxd4 Bc6 12. Bd3 Nd7 13. Bxg7 Kxg7 14. Rae1 Ne5
15. Be2 Qa5 16. Kh1 Nd7 17. f4 Qc5 18. Nd5 Bxd5 19. exd5 Nf6 20. Bd3 b5 21. b3
bxc4 22. Bxc4 Rae8 23. a4 e6 24. Bb5 Re7 25. Bc6 Rc7 26. b4 Qb6 27. a5 Qb8 28.
Qd4 exd5 29. b5 a6 30. f5 axb5 31. fxg6 fxg6 32. Bxd5 Qa7 33. Qa1 b4 34. a6 Rc3
35. Bb7 Rf7 36. Qb2 Qc5 37. Ra1 Ra3 38. Rac1 Rc3 39. Qa1 Ng4 40. Rxf7+ Kxf7 41.
Rf1+ Nf2+ 42. Rxf2+ Qxf2 43. a7 Qf4 44. Bd5+ Kf6 45. Qg1 Rc1 46. a8=Q Rxg1+ 47.
Kxg1 Qc1+ 48. Kf2 Qd2+ 49. Kg3 Qg5+ 50. Kf3 Qh5+ 51. Kf2 Qxh2 52. Qd8+ Ke5 53.
Bf3 Qf4 54. Qh8+ Kf5 55. Qxh7 Qd4+ 56. Kg3 Qe5+ 57. Kh3 Qc3 58. Qh6 Kf6 59. g3
Qc8+ 60. Bg4 Qa8 61. Bf3 Qc8+ 62. Kh4 Qc4+ 63. Bg4 Qe4 64. Qf8+ Ke5 65. Kg5
Qe3+ 66. Qf4+ Qxf4+ 67. gxf4+ Ke4 68. Bd1 d5 69. Bc2+ Ke3 70. Bxg6 d4 71. f5 d3
72. f6 b3 73. f7 b2 74. Bxd3 1-0

[Event "Tradewise Gibraltar Masters 16th"]
[Site "Gibraltar"]
[Date "2018.01.23"]
[Round "1.13"]
[White "Lombaers, Peter"]
[Black "Cheparinov, Ivan"]
[Result "1-0"]
[WhiteElo "2345"]
[BlackElo "2699"]
[PlyCount "109"]
[EventDate "2018.01.23"]
[EventType "swiss"]
[EventRounds "10"]
[EventCountry "GGB"]
[SourceTitle "BritBase"]
[Source "www.saund.co.uk"]
[SourceDate "2018.02.10"]
[SourceVersion "1"]
[SourceVersionDate "2018.02.10"]
[SourceQuality "1"]

1. c4 e6 2. g3 d5 3. Bg2 Nf6 4. Nf3 d4 5. O-O c5 6. e3 Nc6 7. exd4 cxd4 8. Re1
Bd6 9. d3 O-O 10. Bg5 h6 11. Bxf6 Qxf6 12. Nbd2 Qe7 13. Nb3 Rd8 14. Nfxd4 Nxd4
15. Nxd4 Bxg3 16. hxg3 Rxd4 17. Qb3 Rb8 18. Rad1 b6 19. Qc3 Qd8 20. Bd5 Rg4 21.
Bf3 Rg5 22. d4 Bb7 23. d5 exd5 24. cxd5 Qd6 25. Qb3 Rd8 26. Qa4 Qb8 27. Re7 a6
28. Rde1 b5 29. Qb3 Qa8 30. R1e5 Rxe5 31. Rxe5 Re8 32. Rxe8+ Qxe8 33. d6 Bc8
34. Bd5 Bf5 35. Qf3 Qd7 36. Bb3 a5 37. a3 a4 38. Bd5 g6 39. Qf4 Qe8 40. Qd4 Qd8
41. Bc6 Bd7 42. Qd5 Qe8 43. Bxd7 Qxd7 44. Qc5 Qe8 45. Qd4 Qd7 46. Kf1 Qh3+ 47.
Ke1 Qd7 48. Kd2 h5 49. Kc3 g5 50. Qd5 Kh7 51. Qe4+ Kg7 52. Qe7 Qg4 53. d7 Qc4+
54. Kd2 Qd5+ 55. Ke1 1-0

[Event "Tradewise Gibraltar Masters 16th"]
[Site "Gibraltar"]
[Date "2018.01.23"]
[Round "1.14"]
[White "Gelfand, Boris"]
[Black "Bellin, Robert"]
[Result "1-0"]
[WhiteElo "2697"]
[BlackElo "2343"]
[PlyCount "79"]
[EventDate "2018.01.23"]
[EventType "swiss"]
[EventRounds "10"]
[EventCountry "GGB"]
[SourceTitle "BritBase"]
[Source "www.saund.co.uk"]
[SourceDate "2018.02.10"]
[SourceVersion "1"]
[SourceVersionDate "2018.02.10"]
[SourceQuality "1"]

1. d4 e6 2. c4 Bb4+ 3. Nd2 f5 4. g3 Nf6 5. Bg2 a5 6. Ngf3 b6 7. Ne5 Ra7 8. O-O
Bb7 9. Ndf3 Bd6 10. Bg5 O-O 11. Rc1 Qe8 12. Nd3 Be7 13. c5 h6 14. Bxf6 Bxf6 15.
cxb6 cxb6 16. Qb3 Ra6 17. Nfe5 Bxg2 18. Kxg2 Kh7 19. a4 d6 20. Nc4 Qc6+ 21. Kg1
Bxd4 22. Nxa5 Qd7 23. Nc4 d5 24. Qb4 Bc5 25. Nxb6 Bxb4 26. Nxd7 Nxd7 27. Rc7
Nf6 28. Nxb4 Rxa4 29. Nd3 Re8 30. Rfc1 d4 31. R1c6 Nd5 32. Rd7 Raa8 33. Nc5 Nf6
34. Rdc7 Nd5 35. Rd7 Nf6 36. Rxd4 Ra1+ 37. Kg2 Rc1 38. Rdd6 Rc2 39. Nxe6 Rxe2
40. Nxg7 1-0

[Event "Tradewise Gibraltar Masters 16th"]
[Site "Gibraltar"]
[Date "2018.01.23"]
[Round "1.15"]
[White "Quillan, Gary"]
[Black "Dubov, Daniil"]
[Result "1-0"]
[WhiteElo "2340"]
[BlackElo "2694"]
[PlyCount "61"]
[EventDate "2018.01.23"]
[EventType "swiss"]
[EventRounds "10"]
[EventCountry "GGB"]
[SourceTitle "BritBase"]
[Source "www.saund.co.uk"]
[SourceDate "2018.02.10"]
[SourceVersion "1"]
[SourceVersionDate "2018.02.10"]
[SourceQuality "1"]

1. e4 g6 2. d4 Bg7 3. f4 d6 4. Nf3 Bg4 5. c3 Nd7 6. Bc4 e6 7. O-O Ne7 8. Qe1
O-O 9. Bb3 Bxf3 10. Rxf3 c5 11. Be3 cxd4 12. cxd4 Nf6 13. Nc3 Ng4 14. Rd1 Qb6
15. Na4 Qa6 16. Bc1 b5 17. Nc3 Qb6 18. Qh4 Nf6 19. g4 Qb7 20. Rh3 h5 21. gxh5
Nxh5 22. f5 exf5 23. exf5 Nxf5 24. Qg5 Ne7 25. Rxh5 gxh5 26. Rd2 d5 27. Nxd5
Rfe8 28. Rg2 Ng6 29. Nf6+ Kf8 30. Nh7+ Kg8 31. Qxg6 1-0

[Event "Tradewise Gibraltar Masters 16th"]
[Site "Gibraltar"]
[Date "2018.01.23"]
[Round "1.16"]
[White "Howell, David W L"]
[Black "Bellon Lopez, Juan Manuel"]
[Result "1-0"]
[WhiteElo "2682"]
[BlackElo "2334"]
[PlyCount "76"]
[EventDate "2018.01.23"]
[EventType "swiss"]
[EventRounds "10"]
[EventCountry "GGB"]
[SourceTitle "BritBase"]
[Source "www.saund.co.uk"]
[SourceDate "2018.02.10"]
[SourceVersion "1"]
[SourceVersionDate "2018.02.10"]
[SourceQuality "1"]

1. e4 c5 2. c3 g6 3. d4 cxd4 4. cxd4 d5 5. e5 Bg7 6. Nf3 Nc6 7. Bb5 Bg4 8.
Bxc6+ bxc6 9. Nbd2 Qb6 10. O-O e6 11. Nb3 Ne7 12. h3 Bxf3 13. Qxf3 a5 14. Qc3
O-O 15. Nc5 Ra7 16. a4 Qb4 17. Qxb4 axb4 18. g4 Rb8 19. b3 Nc8 20. Be3 Bf8 21.
Rfc1 Be7 22. Rc2 Bxc5 23. Rxc5 Ra6 24. Rac1 Na7 25. Bh6 Rb7 26. Kg2 f6 27. exf6
Kf7 28. Bg5 Ke8 29. Re1 Kf7 30. Kg3 Nc8 31. Rec1 Na7 32. Kf4 Rd7 33. Ke5 Rb6
34. Bd2 Rd8 35. h4 Rd7 36. h5 Rb8 37. hxg6+ hxg6 38. Rh1 Kg8 1-0

[Event "Tradewise Gibraltar Masters 16th"]
[Site "Gibraltar"]
[Date "2018.01.23"]
[Round "1.17"]
[White "Gara, Ticia"]
[Black "Short, Nigel D"]
[Result "1/2-1/2"]
[WhiteElo "2331"]
[BlackElo "2681"]
[PlyCount "129"]
[EventDate "2018.01.23"]
[EventType "swiss"]
[EventRounds "10"]
[EventCountry "GGB"]
[SourceTitle "BritBase"]
[Source "www.saund.co.uk"]
[SourceDate "2018.02.10"]
[SourceVersion "1"]
[SourceVersionDate "2018.02.10"]
[SourceQuality "1"]

1. Nf3 d5 2. g3 g6 3. Bg2 Bg7 4. d4 Nh6 5. O-O O-O 6. Nbd2 Nc6 7. c3 f5 8. Nb3
Nf7 9. Nc5 e6 10. h4 h6 11. b4 a6 12. a4 g5 13. Bd2 Bf6 14. Nd3 gxh4 15. Nxh4
Bxh4 16. gxh4 Qxh4 17. Bf4 Nd6 18. Qc1 Kh7 19. Bg3 Qg5 20. Qf4 Rg8 21. e3 Rg7
22. Kh2 Bd7 23. Bf3 Rag8 24. Bh4 Qg6 25. Rg1 Qf7 26. Rxg7+ Qxg7 27. Bg3 Ne7 28.
Ne5 Be8 29. a5 Qg5 30. Rg1 Bh5 31. Qxg5 Rxg5 32. Bh4 Rxg1 33. Kxg1 Bxf3 34.
Bxe7 Bh5 35. Nd7 Ne4 36. Nf6+ Nxf6 37. Bxf6 f4 38. exf4 Kg6 39. Be5 Kf5 40.
Bxc7 Ke4 41. Kg2 Kd3 42. Bd6 Bd1 43. Kg3 Kxc3 44. Bc5 Kd3 45. Kg2 Ke4 46. Kg3
Be2 47. Bb6 h5 48. Bc5 h4+ 49. Kxh4 Kxf4 50. Bd6+ Ke4 51. Be5 Kd3 52. Kg5 Kc4
53. Kf4 Kxb4 54. Bc7 Kb5 55. Ke5 Kc6 56. Bb6 Bg4 57. Kf4 Bh3 58. Ke5 Bf5 59.
Kf4 Kd6 60. Bc5+ Kd7 61. Bb6 Ke7 62. Ke5 Bd3 63. Bc5+ Kf7 64. Bb6 Bb5 65. Bc5
1/2-1/2

[Event "Tradewise Gibraltar Masters 16th"]
[Site "Gibraltar"]
[Date "2018.01.23"]
[Round "1.18"]
[White "Motylev, Alexander"]
[Black "Sanchez Jerez, Emilio Miguel"]
[Result "1-0"]
[WhiteElo "2673"]
[BlackElo "2330"]
[PlyCount "95"]
[EventDate "2018.01.23"]
[EventType "swiss"]
[EventRounds "10"]
[EventCountry "GGB"]
[SourceTitle "BritBase"]
[Source "www.saund.co.uk"]
[SourceDate "2018.02.10"]
[SourceVersion "1"]
[SourceVersionDate "2018.02.10"]
[SourceQuality "1"]

1. e4 e5 2. Nf3 d6 3. d4 exd4 4. Nxd4 Nf6 5. Nc3 Be7 6. g3 Nc6 7. Bg2 Nxd4 8.
Qxd4 O-O 9. O-O c6 10. Bf4 Qc7 11. Rad1 Rd8 12. h3 Be6 13. g4 h5 14. g5 Nh7 15.
Qd2 Rd7 16. Be3 Rad8 17. f4 Bc4 18. Rfe1 d5 19. exd5 Bb4 20. Qf2 Bxc3 21. bxc3
b6 22. Bf3 Bxd5 23. Bxh5 Bxa2 24. Bd4 c5 25. Be5 Qc6 26. Bf3 Qg6 27. Rxd7 Rxd7
28. Qe2 Bd5 29. Bh5 Qc6 30. c4 Be6 31. Bf3 Qa4 32. Bc3 Qxc4 33. Qe5 Rd4 34.
Bxd4 Qxd4+ 35. Qxd4 cxd4 36. Kh2 a5 37. Rb1 a4 38. Rxb6 a3 39. Ra6 a2 40. Ra8+
Nf8 41. f5 Bxf5 42. Rxa2 Ne6 43. h4 Kf8 44. Kg3 Ke7 45. Bg4 Bh7 46. Ra7+ Kd6
47. Rxf7 Bxc2 48. Kf2 1-0

[Event "Tradewise Gibraltar Masters 16th"]
[Site "Gibraltar"]
[Date "2018.01.23"]
[Round "1.19"]
[White "Horvath, Dominik"]
[Black "Sutovsky, Emil"]
[Result "1/2-1/2"]
[WhiteElo "2329"]
[BlackElo "2673"]
[PlyCount "142"]
[EventDate "2018.01.23"]
[EventType "swiss"]
[EventRounds "10"]
[EventCountry "GGB"]
[SourceTitle "BritBase"]
[Source "www.saund.co.uk"]
[SourceDate "2018.02.10"]
[SourceVersion "1"]
[SourceVersionDate "2018.02.10"]
[SourceQuality "1"]

1. Nf3 Nf6 2. c4 g6 3. Nc3 d5 4. cxd5 Nxd5 5. Qb3 Nb6 6. d4 Bg7 7. Bf4 Be6 8.
Qa3 c6 9. e3 O-O 10. Rd1 N8d7 11. Ng5 Bd5 12. e4 e5 13. dxe5 Re8 14. Nf3 Nc4
15. Qb3 Ncxe5 16. Nxd5 cxd5 17. Rxd5 Ng4 18. Ng5 Qf6 19. g3 h6 20. Nxf7 Rxe4+
21. Be2 Qe6 22. Rd2 Rxe2+ 23. Rxe2 Qxb3 24. Nxh6+ Bxh6 25. axb3 Bxf4 26. gxf4
Rf8 27. f3 Ngf6 28. Rg1 Kf7 29. Reg2 Re8+ 30. Kd2 Rd8 31. Kc2 Rh8 32. Rxg6
Rxh2+ 33. R6g2 Rh3 34. Rg3 Rh4 35. f5 Rf4 36. Rg5 Rxf3 37. b4 Rf2+ 38. Kb3 Rf3+
39. Kc2 a6 40. R1g2 Rf4 41. Kb3 Rf3+ 42. Kc2 Rf4 43. Kb3 b5 44. Rg1 Nb6 45.
Rg7+ Kf8 46. Rb7 Nbd5 47. Rh1 Ne7 48. Rh8+ Kf7 49. Ra8 Nfd5 50. Ka3 Rf3+ 51. b3
Rf2 52. Rc8 Ne3 53. Rcc7 N3d5 54. Rc5 Ke8 55. Ra7 Rf1 56. Ra8+ Kd7 57. Ra7+ Kd8
58. Ra8+ Kd7 59. Ra7+ Ke8 60. Ra8+ Kf7 61. Ra7 Rd1 62. Rc6 Ra1+ 63. Kb2 Rf1 64.
Ka3 Ra1+ 65. Kb2 Rf1 66. Ka3 Rf2 67. Rc5 Ne3 68. Rcc7 Nc2+ 69. Rxc2 Rxc2 70. f6
Kxf6 71. Rxe7 Kxe7 1/2-1/2

[Event "Tradewise Gibraltar Masters 16th"]
[Site "Gibraltar"]
[Date "2018.01.23"]
[Round "1.20"]
[White "Anton Guijarro, David"]
[Black "Padmini, Rout"]
[Result "1-0"]
[WhiteElo "2666"]
[BlackElo "2325"]
[PlyCount "77"]
[EventDate "2018.01.23"]
[EventType "swiss"]
[EventRounds "10"]
[EventCountry "GGB"]
[SourceTitle "BritBase"]
[Source "www.saund.co.uk"]
[SourceDate "2018.02.10"]
[SourceVersion "1"]
[SourceVersionDate "2018.02.10"]
[SourceQuality "1"]

1. e4 e6 2. d4 d5 3. Nc3 Nf6 4. e5 Nfd7 5. f4 c5 6. Nf3 Nc6 7. Ne2 Qb6 8. c3 f6
9. g3 cxd4 10. Nexd4 Nxd4 11. cxd4 Bb4+ 12. Kf2 Be7 13. Kg2 Nb8 14. Bd3 Nc6 15.
a3 a5 16. Rb1 O-O 17. exf6 gxf6 18. Re1 Bd6 19. Be3 Bd7 20. Nh4 f5 21. Bf2 Rae8
22. Qh5 Re7 23. Qh6 Qc7 24. Kh1 Nd8 25. Rbc1 Qb8 26. Nf3 Nf7 27. Qh4 Nh8 28.
Ne5 Be8 29. Rc2 Ng6 30. Qh6 Bxe5 31. fxe5 Rc7 32. Rd2 Qc8 33. h4 Rc1 34. Rde2
Rxe1+ 35. Rxe1 Rf7 36. h5 Nf8 37. g4 fxg4 38. Rg1 Rg7 39. Bh4 1-0

[Event "Tradewise Gibraltar Masters 16th"]
[Site "Gibraltar"]
[Date "2018.01.23"]
[Round "1.21"]
[White "Papp, Petra"]
[Black "Saric, Ivan"]
[Result "1/2-1/2"]
[WhiteElo "2324"]
[BlackElo "2664"]
[PlyCount "124"]
[EventDate "2018.01.23"]
[EventType "swiss"]
[EventRounds "10"]
[EventCountry "GGB"]
[SourceTitle "BritBase"]
[Source "www.saund.co.uk"]
[SourceDate "2018.02.10"]
[SourceVersion "1"]
[SourceVersionDate "2018.02.10"]
[SourceQuality "1"]

1. e4 c6 2. d4 d5 3. exd5 cxd5 4. Bd3 Nc6 5. c3 Nf6 6. Bf4 Bg4 7. Qb3 Qc8 8.
Nd2 e6 9. Ngf3 Be7 10. O-O O-O 11. h3 Bh5 12. a4 Bg6 13. Bxg6 hxg6 14. Rae1 a6
15. Ne5 Nxe5 16. Bxe5 Nd7 17. Bg3 Qc6 18. Nf3 b5 19. Ra1 Rfc8 20. axb5 Qxb5 21.
Qc2 a5 22. Ra2 a4 23. Rfa1 Nb6 24. Bf4 Ra7 25. g3 Rb7 26. Kg2 Qe8 27. h4 f6 28.
Re1 Bf8 29. Raa1 Ra8 30. Qe2 Nc4 31. Rab1 Ra5 32. Qc2 Ra6 33. Nd2 Nxd2 34. Qxd2
Rab6 35. Qc2 Kf7 36. Kg1 Qb5 37. Ra1 Qxb2 38. Qxb2 Rxb2 39. Rxa4 Rc2 40. Re3
Be7 41. Ra6 Rb1+ 42. Kg2 Rbb2 43. Rf3 Ra2 44. Rc6 Ra7 45. Bb8 Rb7 46. Bf4 Bd8
47. g4 Bb6 48. Rd3 Re2 49. Bg3 Bd8 50. Rd1 Re4 51. Kf3 f5 52. g5 Ke8 53. Ra1 f4
54. Bh2 Kd7 55. Rca6 Bc7 56. Ra8 Bb8 57. R1a3 Ke7 58. Ra2 Kf7 59. R2a5 Ke7 60.
R5a6 Kd7 61. Ra5 Rb3 62. Ra3 Rb7 1/2-1/2